000 00701nam a2200289Ia 4500
005 20260324143538.0
008 008 260324s9999 xx 000 0 eng d
020 _a9780203451274
037 _aEBOOK
040 _aCRL
040 _beng
040 _cCRL
041 _2eng
041 _aeng
084 _qCRL
100 _aDennis Hardy
_91197645
245 0 _aFrom New Towns to Green Politics
245 0 _bCampaigning for Town and Country Planning 1946-1990
260 _bTaylor and Francis
260 _c1991
365 _a
365 _b290
856 _uhttp://www.taylorfrancis.com/books/9780203451274
942 _cEBOOK
999 _c1821559
_d1821559